000 00528nam a2200181Ia 4500
008 090123s9999 xx 000 0 und d
082 _b37177
100 _aगजेंद्रगडकर मोनिका
245 _aभूप
250 _a1
260 _bमौज प्रकाशन
_c2004
300 _a152
600 _aगजेंद्रगडकर मोनिका
630 _aभूप
700 _aगजेंद्रगडकर मोनिका
730 _aभूप
942 _cBOOK
999 _c75246
_d75246